[Event "ARG-chT"]
[Site "Villa Martelli"]
[Date "2018.07.28"]
[Round "4.2"]
[White "Miserendino, Alfredo"]
[Black "Aguero Arce, Matias"]
[Result "1/2-1/2"]
[WhiteElo "2054"]
[BlackElo "2177"]
[PlyCount "157"]
[EventDate "2018.07.07"]
[EventType "team-swiss"]
[EventRounds "9"]
[EventCountry "ARG"]
[SourceTitle "CBM 187 Extra"]
[Source "ChessBase"]
[SourceDate "2018.11.04"]
[SourceVersion "1"]
[SourceVersionDate "2018.11.04"]
[SourceQuality "1"]
[WhiteTeam "San Isidro"]
[BlackTeam "Mar del Plata"]
[WhiteTeamCountry "ARG"]
[BlackTeamCountry "ARG"]

1. e4 c5 2. Nf3 e6 3. d3 Nc6 4. g3 Nge7 5. Bg2 g6 6. 0-0 Bg7 7. c4 0-0 8. Nc3 d6 9. Be3 Nd4 10. Qd2 Nec6 11. Kh1 Rb8 12. Ng1 Bd7 13. Rac1 Qa5 14. Nh3 b5 15. b3 Ne5 16. f4 Ng4 17. Bg1 e5 18. Nf2 Nf6 19. Nfd1 Bh6 20. Ne3 Nh5 21. Ned5 Bg4 22. Rce1 b4 23. Nd1 Bxd1 24. Rxd1 Ne6 25. Be3 exf4 26. gxf4 Qd8 27. Rf3 Nf6 28. Rh3 Bg7 29. Nxf6+ Qxf6 30. Rf1 Nd4 31. Bf2 Ne6 32. Bh4 Qb2 33. Qxb2 Bxb2 34. Be7 Rfc8 35. f5 Nf8 36. Rhf3 Be5 37. Bh3 Rc7 38. Bxf8 Rxf8 39. fxg6 hxg6 40. Be6 Kg7 41. Bd5 f6 42. Rh3 Rcc8 43. Kg2 Rh8 44. Rff3 Rb8 45. Rxh8 Rxh8 46. Rh3 Rb8 47. Bc6 Rb6 48. Ba4 Bd4 49. Rg3 Rb8 50. Bd7 Rh8 51. Rh3 Rd8 52. Ba4 Bc3 53. Kf3 Rf8 54. Kg2 Rb8 55. Rf3 Rd8 56. Rh3 Kf7 57. Rh7+ Ke6 58. Rxa7 Ke5 59. Kf3 Kd4 60. Rh7 Kxd3 61. h4 Rg8 62. Bc6 g5 63. h5 g4+ 64. Kg2 Ke3 65. h6 Kf4 66. Rg7 Rh8 67. h7 f5 68. Rf7 Kg5 69. exf5 Be5 70. Be4 Kh6 71. f6 Kg5 72. Rg7+ Kf4 73. Bd5 Bxf6 74. Rd7 Be5 75. Bg8 Ke3 76. Rf7 Kd2 77. Kf1 Kc2 78. Ke2 Kb1 79. Ra7 1/2-1/2

[Event "ARG-chT"]
[Site "Villa Martelli"]
[Date "2018.07.21"]
[Round "3.2"]
[White "Silva, Lucas"]
[Black "Miserendino, Alfredo"]
[Result "1/2-1/2"]
[WhiteElo "2014"]
[BlackElo "2054"]
[PlyCount "84"]
[EventDate "2018.07.07"]
[EventType "team-swiss"]
[EventRounds "9"]
[EventCountry "ARG"]
[SourceTitle "CBM 187 Extra"]
[Source "ChessBase"]
[SourceDate "2018.11.04"]
[SourceVersion "1"]
[SourceVersionDate "2018.11.04"]
[SourceQuality "1"]
[WhiteTeam "Tres de Febrero Ajedrez"]
[BlackTeam "San Isidro"]
[WhiteTeamCountry "ARG"]
[BlackTeamCountry "ARG"]

1. d4 Nf6 2. Bf4 e6 3. e3 d5 4. Nd2 Bd6 5. Bg3 0-0 6. Ngf3 b6 7. Bd3 Ba6 8. 0-0 Bxd3 9. cxd3 Bxg3 10. hxg3 c5 11. Nb3 Nbd7 12. Ne5 Nxe5 13. dxe5 Nd7 14. d4 Qg5 15. Rc1 c4 16. Nd2 f6 17. Qa4 Rad8 18. Qc6 Rfe8 19. Nf3 Qh5 20. exf6 Nxf6 21. Ne5 Ng4 22. Nxg4 Qxg4 23. Qc7 Ra8 24. f3 Qg5 25. Kf2 b5 26. Qc5 Qe7 27. Qxe7 Rxe7 28. e4 Rd8 29. Rfe1 Kf7 30. exd5 Rxd5 31. Re4 e5 32. Rd1 a6 33. a3 Re6 34. f4 exd4 35. Rexd4 Rxd4 36. Rxd4 h5 37. Kf3 g6 38. Rd2 Rc6 39. Rc2 Kf6 40. g4 hxg4+ 41. Kxg4 Rd6 42. Kf3 Rd1 1/2-1/2

[Event "ARG-chT"]
[Site "Villa Martelli"]
[Date "2018.07.07"]
[Round "1.1"]
[White "Miserendino, Alfredo"]
[Black "Bertorello, Juan Manuel"]
[Result "0-1"]
[WhiteElo "2054"]
[BlackElo "2307"]
[PlyCount "120"]
[EventDate "2018.07.07"]
[EventType "team-swiss"]
[EventRounds "9"]
[EventCountry "ARG"]
[SourceTitle "CBM 187 Extra"]
[Source "ChessBase"]
[SourceDate "2018.11.04"]
[SourceVersion "1"]
[SourceVersionDate "2018.11.04"]
[SourceQuality "1"]
[WhiteTeam "San Isidro"]
[BlackTeam "Centro Univ CUV"]
[WhiteTeamCountry "ARG"]
[BlackTeamCountry "ARG"]

1. c4 g6 2. g3 Bg7 3. Bg2 e5 4. Nc3 Nc6 5. d3 d6 6. Nf3 Nh6 7. 0-0 0-0 8. Bd2 f5 9. Ng5 Kh8 10. Rb1 a5 11. a3 Ng8 12. b4 axb4 13. axb4 h6 14. b5 Nd4 15. Nf3 Ne6 16. Nd5 g5 17. Bc3 Ne7 18. e3 Ng6 19. b6 c6 20. Nc7 Nxc7 21. bxc7 Qe7 22. Ra1 Rxa1 23. Qxa1 Qxc7 24. Qa7 f4 25. Nd2 fxe3 26. Qxe3 Ne7 27. Qa7 Nf5 28. Rb1 Qf7 29. Rf1 h5 30. Ne4 Qg6 31. Qa1 g4 32. c5 d5 33. Nd6 Nxd6 34. cxd6 Qxd6 35. Re1 d4 36. Bb2 Bf5 37. Qd1 Qf6 38. Ba3 Rf7 39. Re2 Qg6 40. Qe1 Bxd3 41. Rxe5 Bxe5 42. Qxe5+ Qf6 43. Qxh5+ Bh7 44. h4 gxh3 45. Qxh3 Qxf2+ 46. Kh2 Qf5 47. Qh4 Qf6 48. Qh3 Rg7 49. Bc1 Re7 50. Bf4 Kg7 51. Qg4+ Kf7 52. Bf3 Bf5 53. Qh5+ Qg6 54. Qh4 Qh7 55. Bh5+ Bg6 56. g4 Bxh5 57. gxh5 Re2+ 58. Kg3 Qd3+ 59. Kg4 Rg2+ 60. Bg3 Qxg3+ 0-1

[Event "ARG-chT"]
[Site "Villa Martelli"]
[Date "2017.09.16"]
[Round "7.3"]
[White "Martinez de Negri, Agustin Gonzalo"]
[Black "Miserendino, Alfredo"]
[Result "1/2-1/2"]
[WhiteElo "2169"]
[BlackElo "2056"]
[PlyCount "146"]
[EventDate "2017.08.05"]
[EventType "team-swiss"]
[EventRounds "9"]
[EventCountry "ARG"]
[SourceTitle "CBM 180 Extra"]
[Source "ChessBase"]
[SourceDate "2017.10.06"]
[SourceVersion "1"]
[SourceVersionDate "2017.10.06"]
[SourceQuality "1"]
[WhiteTeam "Quilmes"]
[BlackTeam "Centro Univ CUV"]
[WhiteTeamCountry "ARG"]
[BlackTeamCountry "ARG"]

1. e4 d5 2. exd5 Qxd5 3. Nc3 Qd8 4. Bc4 Nf6 5. Nf3 e6 6. 0-0 Be7 7. d4 0-0 8. Be3 Nbd7 9. Qe2 Nb6 10. Bd3 Nbd5 11. Bg5 h6 12. Bd2 Nb4 13. Rad1 Nxd3 14. Qxd3 b6 15. Ne5 Bb7 16. Qg3 Kh8 17. Qh3 Nh7 18. Be3 Qe8 19. Qh5 Nf6 20. Qh3 Nh7 21. Rfe1 Rd8 22. Ne2 Bd6 23. Bf4 c5 24. c3 Qe7 25. Ng3 cxd4 26. cxd4 Bxe5 27. Bxe5 f6 28. Bf4 Bd5 29. Nf5 Qf7 30. Nd6 Qg6 31. b3 Ng5 32. Qg3 Kh7 33. f3 Rd7 34. h4 Nf7 35. Qxg6+ Kxg6 36. Nb5 h5 37. Kf2 Kf5 38. Bh2 Rc8 39. Rc1 Rxc1 40. Rxc1 e5 41. Ke3 a6 42. Nc7 Bb7 43. dxe5 Nxe5 44. Rc3 Re7 45. Kd2 g5 46. hxg5 fxg5 47. Bg1 Nd7 48. Re3 Ne5 49. Bh2 Rd7+ 50. Ke2 Re7 51. Kf2 Rxc7 52. Rxe5+ Kf6 53. Re2 Rc6 54. Be5+ Kf7 55. Bb2 Re6 56. Rd2 Bc6 57. Bd4 b5 58. Rc2 a5 59. Rc5 Kg6 60. Be3 g4 61. Rg5+ Kf7 62. Rxh5 gxf3 63. gxf3 a4 64. bxa4 bxa4 65. Bd4 Rd6 66. Ke3 Re6+ 67. Kf4 Rg6 68. Rc5 Ke7 69. Be5 Kd7 70. a3 Rg2 71. Rc3 Rf2 72. Rd3+ Kc8 73. Kg3 Rxf3+ 1/2-1/2

[Event "ARG-chT"]
[Site "Villa Martelli"]
[Date "2017.08.26"]
[Round "4.3"]
[White "Bitelmajer, Martin"]
[Black "Miserendino, Alfredo"]
[Result "1-0"]
[WhiteElo "2431"]
[BlackElo "2056"]
[PlyCount "59"]
[EventDate "2017.08.05"]
[EventType "team-swiss"]
[EventRounds "9"]
[EventCountry "ARG"]
[SourceTitle "CBM 180 Extra"]
[Source "ChessBase"]
[SourceDate "2017.10.06"]
[SourceVersion "1"]
[SourceVersionDate "2017.10.06"]
[SourceQuality "1"]
[WhiteTeam "Boca Juniors"]
[BlackTeam "Centro Univ CUV"]
[WhiteTeamCountry "ARG"]
[BlackTeamCountry "ARG"]

1. d4 d5 2. c4 c6 3. g3 Nf6 4. Nf3 Nbd7 5. Bg2 e6 6. 0-0 Bd6 7. Qb3 Ne4 8. Nc3 Ndf6 9. Rd1 Qc7 10. c5 Be7 11. Bf4 Qd8 12. Ne5 Nxc3 13. bxc3 0-0 14. c4 Nd7 15. Nxd7 Qxd7 16. e4 Rd8 17. cxd5 exd5 18. exd5 cxd5 19. Re1 Bf6 20. Rad1 g5 21. Bd6 a5 22. Bxd5 a4 23. Qf3 Kg7 24. Be7 Ra6 25. c6 Rxc6 26. Bxc6 Qxc6 27. Qxc6 bxc6 28. Bxd8 Bxd8 29. Re8 Bg4 30. f3 1-0

[Event "Villa Martelli zt 2.5"]
[Site "Villa Martelli"]
[Date "2017.04.30"]
[Round "1"]
[White "Scarella, Enrique Alejandro"]
[Black "Miserendino, Alfredo"]
[Result "1-0"]
[WhiteElo "2335"]
[BlackElo "2081"]
[PlyCount "69"]
[EventDate "2017.04.30"]
[EventType "swiss"]
[EventRounds "9"]
[EventCountry "ARG"]
[SourceTitle "CBM 178 Extra"]
[Source "ChessBase"]
[SourceDate "2017.06.22"]
[SourceVersion "1"]
[SourceVersionDate "2017.06.22"]
[SourceQuality "1"]

1. d4 d5 2. c4 e6 3. Nf3 c5 4. cxd5 exd5 5. Nc3 Nc6 6. g3 c4 7. Bg2 Bb4 8. 0-0 Nge7 9. Bd2 0-0 10. b3 Bxc3 11. Bxc3 b5 12. bxc4 bxc4 13. Nd2 Bg4 14. Nxc4 dxc4 15. d5 Rc8 16. dxc6 Nxc6 17. Qxd8 Rfxd8 18. Rfd1 Rxd1+ 19. Rxd1 Rd8 20. Rxd8+ Nxd8 21. f3 Be6 22. Kf2 Nb7 23. Ke3 Nd6 24. Kd2 f5 25. Bb4 Nb5 26. a4 Nd4 27. f4 a5 28. Ba3 Bd7 29. Bd5+ Kh8 30. e3 Nb3+ 31. Kc3 Bxa4 32. Bxc4 Na1 33. Bd3 g6 34. Bb2 Nb3 35. Bc4 1-0

[Event "ARG-ch Amateur U2300"]
[Site "Torre Blanca"]
[Date "2016.12.11"]
[Round "8.4"]
[White "Miserendino, Alfredo"]
[Black "Mussanti, Diego"]
[Result "1/2-1/2"]
[WhiteElo "2090"]
[BlackElo "2231"]
[PlyCount "76"]
[EventDate "2016.12.08"]
[EventType "swiss"]
[EventRounds "8"]
[EventCountry "ARG"]
[SourceTitle "EXT 2024"]
[Source "ChessBase"]
[SourceDate "2023.10.10"]
[SourceVersion "1"]
[SourceVersionDate "2023.10.10"]
[SourceQuality "1"]

1. e4 c5 2. Nf3 e6 3. b3 d5 4. exd5 Qxd5 5. Bb5+ Bd7 6. Qe2 Bxb5 7. Qxb5+ Qc6 8. Nc3 a6 9. Qe2 Nf6 10. 0-0 Nbd7 11. Bb2 Be7 12. Rfe1 0-0 13. Ne5 Nxe5 14. Qxe5 Nd7 15. Nd5 Nxe5 16. Nxe7+ Kh8 17. Nxc6 Nxc6 18. a3 Rfd8 19. d3 Rac8 20. Rac1 Rd5 21. Re3 Nd4 22. Kf1 b5 23. Re4 Kg8 24. c4 Rd7 25. Bxd4 cxd4 26. Ke2 Kf8 27. Kd2 Ke7 28. b4 f5 29. Re5 Rdc7 30. c5 Rc6 31. f4 a5 32. a4 Rb8 33. Rb1 Ra6 34. axb5 Rxb5 35. c6 Rxe5 36. fxe5 axb4 37. Rxb4 Rxc6 38. Rxd4 Rc8 1/2-1/2

[Event "ARG-ch Amateur U2300"]
[Site "Torre Blanca"]
[Date "2016.12.10"]
[Round "5.2"]
[White "Mazziotti Irigoyen, Gabriel"]
[Black "Miserendino, Alfredo"]
[Result "1-0"]
[WhiteElo "2297"]
[BlackElo "2090"]
[PlyCount "73"]
[EventDate "2016.12.08"]
[EventType "swiss"]
[EventRounds "8"]
[EventCountry "ARG"]
[SourceTitle "EXT 2024"]
[Source "ChessBase"]
[SourceDate "2023.10.10"]
[SourceVersion "1"]
[SourceVersionDate "2023.10.10"]
[SourceQuality "1"]

1. e4 c5 2. Nf3 d6 3. d4 cxd4 4. Nxd4 Nf6 5. f3 Nc6 6. c4 g6 7. Be3 Bg7 8. Qd2 0-0 9. Be2 e6 10. Nb5 d5 11. Bc5 a6 12. Bxf8 Bxf8 13. Nd4 Qb6 14. Nxc6 bxc6 15. Nc3 Rb8 16. Na4 Qa7 17. c5 Nd7 18. b4 Bg7 19. Rc1 a5 20. bxa5 Ba6 21. Nb6 Bxe2 22. Kxe2 Ne5 23. Rhd1 Qa6+ 24. Kf2 Nc4 25. Nxc4 dxc4 26. Rb1 Rb5 27. a4 Rb3 28. Rxb3 cxb3 29. Qb4 Bf6 30. Qb8+ Kg7 31. Qxb3 Qxa5 32. Qc4 Qc7 33. g3 Qe5 34. Qb4 Qh5 35. Kg2 Be7 36. Rd7 Bxc5 37. Qc3+ 1-0

[Event "ARG-ch Amateur U2300"]
[Site "Torre Blanca"]
[Date "2016.12.09"]
[Round "4.3"]
[White "Miserendino, Alfredo"]
[Black "Robledo, Cristian"]
[Result "1/2-1/2"]
[WhiteElo "2090"]
[BlackElo "2138"]
[PlyCount "87"]
[EventDate "2016.12.08"]
[EventType "swiss"]
[EventRounds "8"]
[EventCountry "ARG"]
[SourceTitle "EXT 2024"]
[Source "ChessBase"]
[SourceDate "2023.10.10"]
[SourceVersion "1"]
[SourceVersionDate "2023.10.10"]
[SourceQuality "1"]

1. e4 c5 2. Nf3 e6 3. b3 Nc6 4. Bb2 d5 5. exd5 exd5 6. Bb5 Qe7+ 7. Qe2 Bd7 8. Qxe7+ Ngxe7 9. 0-0 0-0-0 10. d4 cxd4 11. Nxd4 Nxd4 12. Bxd7+ Rxd7 13. Bxd4 Nc6 14. Bb2 f6 15. Nc3 Bb4 16. a3 Bxc3 17. Bxc3 Re8 18. Rfe1 Rxe1+ 19. Rxe1 Re7 20. Rxe7 Nxe7 21. Bb4 Nf5 22. Bc3 Kd7 23. Kf1 h5 24. Ke2 Ke6 25. a4 a6 26. f3 b5 27. axb5 axb5 28. Be1 h4 29. Bf2 g5 30. Kd3 Kd6 31. Kc3 Ng7 32. Kb4 Kc6 33. Bd4 Nh5 34. g4 hxg3 35. hxg3 Nxg3 36. Bxf6 Ne2 37. Bxg5 Nd4 38. Kc3 Nxf3 39. Bf6 Nh2 40. Kd4 Ng4 41. Bg7 Nf2 42. c4 dxc4 43. bxc4 bxc4 44. Kxc4 1/2-1/2

[Event "ARG-ch Amateur U2300"]
[Site "Torre Blanca"]
[Date "2016.12.08"]
[Round "2.4"]
[White "Miserendino, Alfredo"]
[Black "Negri, Santiago"]
[Result "1-0"]
[WhiteElo "2090"]
[BlackElo "2180"]
[PlyCount "73"]
[EventDate "2016.12.08"]
[EventType "swiss"]
[EventRounds "8"]
[EventCountry "ARG"]
[SourceTitle "EXT 2024"]
[Source "ChessBase"]
[SourceDate "2023.10.10"]
[SourceVersion "1"]
[SourceVersionDate "2023.10.10"]
[SourceQuality "1"]

1. e4 e6 2. d4 d5 3. Nc3 Nf6 4. Bg5 Bb4 5. e5 h6 6. Bd2 Bxc3 7. bxc3 Ne4 8. Qg4 Kf8 9. Nf3 g5 10. Qh5 f5 11. Bd3 Qe8 12. Qxe8+ Kxe8 13. c4 Nc6 14. cxd5 exd5 15. c3 Na5 16. 0-0 g4 17. Bxe4 fxe4 18. Nh4 Be6 19. Ng6 Rh7 20. Nf4 Kd7 21. Nh5 Kc6 22. Rfc1 Nc4 23. Be3 b5 24. a4 bxa4 25. Rxa4 a5 26. Nf4 Re7 27. Rca1 Kb5 28. Bc1 Ree8 29. R4a2 Kc6 30. Be3 Bf5 31. Kf1 Reb8 32. Ne2 Rb3 33. Bc1 Rab8 34. Bxh6 e3 35. Nc1 Rxc3 36. Bxe3 Bb1 37. Ne2 1-0

[Event "ARG-chT"]
[Site "Villa Martelli"]
[Date "2016.10.29"]
[Round "6.7"]
[White "Miserendino, Alfredo"]
[Black "Galarce, Ruben"]
[Result "1/2-1/2"]
[WhiteElo "2116"]
[BlackElo "1995"]
[PlyCount "65"]
[EventDate "2016.09.24"]
[EventType "team-swiss"]
[EventRounds "9"]
[EventCountry "ARG"]
[SourceTitle "EXT 2018"]
[Source "ChessBase"]
[SourceDate "2017.10.13"]
[SourceVersion "1"]
[SourceVersionDate "2017.10.13"]
[SourceQuality "1"]
[WhiteTeam "San Isidro"]
[BlackTeam "Ventajedrez Plastigal"]
[WhiteTeamCountry "ARG"]
[BlackTeamCountry "ARG"]

1. e4 c6 2. d4 g6 3. Nc3 Bg7 4. Be3 d6 5. f4 d5 6. Nf3 Bg4 7. Qd2 Qa5 8. Bd3 dxe4 9. Nxe4 Qxd2+ 10. Nfxd2 Nd7 11. h3 Bf5 12. 0-0-0 h5 13. Nf3 Ngf6 14. Neg5 Bxd3 15. Rxd3 0-0 16. Kb1 Bh6 17. Bc1 e6 18. Rb3 b6 19. g3 c5 20. dxc5 Nxc5 21. Ra3 Rfd8 22. Re1 Bxg5 23. Nxg5 Rd7 24. b4 Nb7 25. Bb2 Nd5 26. Rd3 Rc7 27. a3 a5 28. Ne4 axb4 29. Rxd5 exd5 30. Nf6+ Kf8 31. Nh7+ Kg8 32. Nf6+ Kf8 33. Nh7+ 1/2-1/2

[Event "Villa Martelli op-B 21st"]
[Site "Villa Martelli"]
[Date "2014.11.13"]
[Round "7"]
[White "Tomas Falcon, Jesus"]
[Black "Miserendino, Alfredo"]
[Result "1-0"]
[WhiteElo "2071"]
[BlackElo "2132"]
[PlyCount "54"]
[EventDate "2014.11.07"]
[EventType "swiss"]
[EventRounds "9"]
[EventCountry "ARG"]
[SourceTitle "CBM 163 Extra"]
[Source "ChessBase"]
[SourceDate "2014.12.23"]
[SourceVersion "1"]
[SourceVersionDate "2014.12.23"]
[SourceQuality "1"]

1. e4 e5 2. Nf3 Nc6 3. Bc4 Nf6 4. Ng5 d5 5. exd5 Na5 6. Bb5+ c6 7. dxc6 bxc6 8. Qf3 Bb7 9. Ba4 Be7 10. Nc3 0-0 11. d3 c5 12. Nge4 Nxe4 13. dxe4 f5 14. Qe2 fxe4 15. Be3 Rf6 16. Bb3+ Kh8 17. Rd1 Rd6 18. Rxd6 Bxd6 19. 0-0 Qb6 20. Rd1 Nxb3 21. axb3 Qc6 22. Qc4 Rd8 23. Qxc5 Qd7 24. Qxa7 Qc8 25. h3 Bc7 26. Rxd8+ Bxd8 27. Qc5 Qa8 1-0

[Event "Villa Martelli Pro Am op 16th"]
[Site "Villa Martelli"]
[Date "2009.10.22"]
[Round "7"]
[White "Miserendino, Alfredo"]
[Black "Malbran, Guillermo"]
[Result "1/2-1/2"]
[WhiteElo "2155"]
[BlackElo "2195"]
[PlyCount "28"]
[EventDate "2009.10.15"]
[EventType "swiss"]
[EventRounds "9"]
[EventCountry "ARG"]
[SourceTitle "CBM 132 Extra"]
[Source "ChessBase"]
[SourceDate "2009.11.03"]
[SourceVersion "1"]
[SourceVersionDate "2009.11.03"]
[SourceQuality "1"]

1. d4 Nf6 2. c4 c5 3. d5 b5 4. cxb5 a6 5. b6 e6 6. Nc3 Nxd5 7. Nxd5 exd5 8. Qxd5 Nc6 9. e4 Be7 10. Bc4 0-0 11. Ne2 Rb8 12. 0-0 Rxb6 13. Nc3 d6 14. Qd1 Be6 1/2-1/2

[Event "Villa Martelli Pro Am op 16th"]
[Site "Villa Martelli"]
[Date "2009.10.19"]
[Round "4"]
[White "Quinzio, Martin Javier"]
[Black "Miserendino, Alfredo"]
[Result "1/2-1/2"]
[WhiteElo "1972"]
[BlackElo "2155"]
[PlyCount "73"]
[EventDate "2009.10.15"]
[EventType "swiss"]
[EventRounds "9"]
[EventCountry "ARG"]
[SourceTitle "CBM 132 Extra"]
[Source "ChessBase"]
[SourceDate "2009.11.03"]
[SourceVersion "1"]
[SourceVersionDate "2009.11.03"]
[SourceQuality "1"]

1. d4 Nf6 2. Nf3 c5 3. c3 Qb6 4. Qb3 Qxb3 5. axb3 b6 6. Bf4 Nc6 7. e3 Bb7 8. h3 e6 9. Nbd2 d6 10. Bb5 Nd5 11. Bh2 Nc7 12. Bd3 Be7 13. Nc4 Rd8 14. dxc5 dxc5 15. Bxc7 Rxd3 16. Nce5 Nxe5 17. Nxe5 Rd7 18. Nxd7 Kxd7 19. Bg3 a5 20. Rd1+ Kc6 21. 0-0 h5 22. f3 Rh6 23. Bf4 g5 24. Bg3 f5 25. Rd2 Bc8 26. Be5 Rg6 27. g4 h4 28. Rfd1 Rg8 29. Kf2 Re8 30. Kg2 Rg8 31. Kh2 Re8 32. f4 Kb5 33. Rg1 Bb7 34. gxf5 exf5 35. fxg5 Bxg5 36. Rxg5 Rxe5 37. Rh5 1/2-1/2

[Event "Villa Ballester op 56th"]
[Site "Villa Ballester"]
[Date "2006.01.13"]
[Round "7"]
[White "Zabala, Adriel"]
[Black "Miserendino, Alfredo"]
[Result "1-0"]
[WhiteElo "1971"]
[BlackElo "2194"]
[PlyCount "59"]
[EventDate "2006.01.03"]
[EventType "swiss"]
[EventRounds "9"]
[EventCountry "ARG"]
[SourceTitle "CBM 110 Extra"]
[Source "ChessBase"]
[SourceDate "2006.03.10"]
[SourceVersion "2"]
[SourceVersionDate "2006.03.10"]
[SourceQuality "1"]

1. e4 c5 2. Nc3 e6 3. g3 d5 4. Bg2 Nf6 5. e5 Nfd7 6. f4 Nc6 7. Nf3 Be7 8. 0-0 b6 9. d3 a6 10. a4 Bb7 11. Ne2 Qc7 12. c3 b5 13. d4 b4 14. f5 Nd8 15. Ng5 Bxg5 16. Bxg5 exf5 17. Bxd8 Rxd8 18. Rxf5 0-0 19. Nf4 Nb6 20. e6 Nc4 21. Qe1 Qc8 22. Rxf7 Rxf7 23. exf7+ Kxf7 24. Bh3 Qc6 25. Be6+ Kf8 26. Qf2 g6 27. Nxg6+ Kg7 28. Qf7+ Kh6 29. Nh4 Qe8 30. Qf6+ 1-0

[Event "Villa Ballester op 56th"]
[Site "Villa Ballester"]
[Date "2006.01.10"]
[Round "5"]
[White "Miserendino, Alfredo"]
[Black "Prieto, Marcelo"]
[Result "1/2-1/2"]
[WhiteElo "2194"]
[BlackElo "2077"]
[PlyCount "72"]
[EventDate "2006.01.03"]
[EventType "swiss"]
[EventRounds "9"]
[EventCountry "ARG"]
[SourceTitle "CBM 110 Extra"]
[Source "ChessBase"]
[SourceDate "2006.03.10"]
[SourceVersion "2"]
[SourceVersionDate "2006.03.10"]
[SourceQuality "1"]

1. c4 e5 2. Nc3 Nc6 3. Nf3 g6 4. d4 exd4 5. Nxd4 Bg7 6. Nxc6 bxc6 7. e4 d6 8. Bd3 Nf6 9. 0-0 0-0 10. Bg5 h6 11. Bh4 Rb8 12. Qd2 Nxe4 13. Qf4 Nf6 14. Qd2 g5 15. Bg3 Nh5 16. Be2 Nxg3 17. hxg3 f5 18. Rad1 Qf6 19. Na4 Be6 20. Qa5 Qf7 21. b3 Rfe8 22. Bf3 c5 23. Bc6 Rf8 24. Rfe1 Kh8 25. Rd3 Bd4 26. Qd2 Bd7 27. Bxd7 Qxd7 28. Nc3 Bxc3 29. Qxc3+ Qg7 30. Re7 Qxc3 31. Rxc3 Rbc8 32. Rce3 Kg8 33. R3e6 Rf7 34. Rxf7 Kxf7 35. Rxh6 Kg7 36. Re6 Kf7 1/2-1/2

[Event "Villa Martelli op"]
[Site "Villa Martelli"]
[Date "2006.??.??"]
[Round "4"]
[White "Fiori, Hector Dionisio"]
[Black "Miserendino, Alfredo"]
[Result "1-0"]
[WhiteElo "2175"]
[BlackElo "2165"]
[PlyCount "57"]
[EventDate "2006.07.??"]
[EventType "swiss"]
[EventRounds "9"]
[EventCountry "ARG"]
[SourceTitle "EXT 2008"]
[Source "ChessBase"]
[SourceDate "2007.11.25"]
[SourceVersion "1"]
[SourceVersionDate "2007.11.25"]
[SourceQuality "1"]

1. e4 Nf6 2. e5 Nd5 3. d4 d6 4. c4 Nb6 5. exd6 exd6 6. Bd3 Be7 7. Ne2 N8d7 8. Nbc3 Nf6 9. h3 Nbd7 10. 0-0 Nf8 11. Re1 Ne6 12. d5 Nc5 13. Bb1 a5 14. Nd4 0-0 15. Bg5 Ncd7 16. Nf5 Re8 17. Ne4 h6 18. Bh4 Kf8 19. f4 Nc5 20. Nxe7 Rxe7 21. Nxf6 Rxe1+ 22. Qxe1 gxf6 23. Qc3 Kg7 24. Bc2 Nd7 25. Re1 c6 26. Qg3+ Kh8 27. Qd3 Nf8 28. Re3 cxd5 29. cxd5 1-0

[Event "Villa Martelli op"]
[Site "Villa Martelli"]
[Date "2006.??.??"]
[Round "1"]
[White "Miserendino, Alfredo"]
[Black "Bernal, Lucas"]
[Result "1-0"]
[WhiteElo "2165"]
[BlackElo "1955"]
[PlyCount "97"]
[EventDate "2006.07.??"]
[EventType "swiss"]
[EventRounds "9"]
[EventCountry "ARG"]
[SourceTitle "EXT 2008"]
[Source "ChessBase"]
[SourceDate "2007.11.25"]
[SourceVersion "1"]
[SourceVersionDate "2007.11.25"]
[SourceQuality "1"]

1. c4 Nf6 2. Nf3 g6 3. g3 Bg7 4. Bg2 0-0 5. 0-0 d6 6. Nc3 e5 7. d3 Nbd7 8. Rb1 a5 9. a3 Ne8 10. b4 axb4 11. axb4 f5 12. Bg5 Nef6 13. Qd2 Re8 14. Ne1 Nf8 15. Nd5 c6 16. Nxf6+ Bxf6 17. Bxf6 Qxf6 18. b5 c5 19. Bd5+ Ne6 20. Nc2 Kg7 21. Ra1 Rxa1 22. Rxa1 Nc7 23. Bg2 b6 24. Ra7 Re7 25. Ne3 f4 26. Rxc7 fxe3 27. Rxe7+ Qxe7 28. Qxe3 Qa7 29. h3 Qa1+ 30. Kh2 h6 31. Bd5 Qf1 32. Bg2 Qa1 33. Qf3 Qa7 34. Qc6 Qb8 35. Bd5 Kf8 36. Be4 Kf7 37. Qd5+ Kg7 38. Bf3 Bd7 39. Bg4 Bxg4 40. hxg4 Qd8 41. Kg2 Kf6 42. Qb7 Kg5 43. Qf3 Qd7 44. Qe3+ Kf6 45. Qxh6 Qxg4 46. Qf8+ Kg5 47. Qe7+ Kh5 48. Qf6 Qd4 49. f4 1-0

[Event "Villa Martelli op"]
[Site "Villa Martelli"]
[Date "2006.??.??"]
[Round "6"]
[White "Sarquis, Maria Belen"]
[Black "Miserendino, Alfredo"]
[Result "1/2-1/2"]
[WhiteElo "2155"]
[BlackElo "2165"]
[PlyCount "101"]
[EventDate "2006.07.??"]
[EventType "swiss"]
[EventRounds "9"]
[EventCountry "ARG"]
[SourceTitle "EXT 2008"]
[Source "ChessBase"]
[SourceDate "2007.11.25"]
[SourceVersion "1"]
[SourceVersionDate "2007.11.25"]
[SourceQuality "1"]

1. e4 c5 2. Nf3 e6 3. d4 cxd4 4. Nxd4 Nf6 5. Nc3 Bb4 6. e5 Nd5 7. Bd2 0-0 8. Bd3 Qh4 9. Nxd5 Bxd2+ 10. Qxd2 exd5 11. 0-0 Qe7 12. f4 Qc5 13. Kh1 d6 14. Rae1 Nc6 15. Nf3 Ne7 16. Nh4 Bd7 17. Qe2 dxe5 18. fxe5 Qd4 19. Qh5 Ng6 20. Nf3 Qg4 21. Qxg4 Bxg4 22. Nd4 Rac8 23. h3 Bd7 24. Rf2 Rfe8 25. Bxg6 hxg6 26. Rfe2 Bf5 27. Nxf5 gxf5 28. c3 b5 29. Kg1 Re6 30. Rd2 Rd8 31. Kf2 g5 32. h4 gxh4 33. Kf3 Kg7 34. Kf4 Kg6 35. g3 h3 36. Rh1 f6 37. exf6 Re4+ 38. Kf3 Kxf6 39. Rxh3 b4 40. cxb4 Rxb4 41. Rh7 a5 42. Ra7 a4 43. Ra5 Kg5 44. Raxd5 Rxd5 45. Rxd5 Rxb2 46. g4 Rxa2 47. Rxf5+ Kg6 48. Ra5 a3 49. Kg3 Ra1 50. Kg2 Kf6 51. Kh2 1/2-1/2

[Event "Villa Martelli Pro Am op 11th"]
[Site "Villa Martelli"]
[Date "2004.11.09"]
[Round "3"]
[White "Miserendino, Alfredo"]
[Black "Slipak, Sergio"]
[Result "0-1"]
[WhiteElo "2198"]
[BlackElo "2501"]
[PlyCount "104"]
[EventDate "2004.11.04"]
[EventType "swiss"]
[EventRounds "9"]
[EventCountry "ARG"]
[SourceTitle "CBM 103 Extra"]
[Source "ChessBase"]
[SourceDate "2005.01.01"]
[SourceVersion "1"]
[SourceVersionDate "2005.01.01"]
[SourceQuality "1"]

1. d4 Nf6 2. Nf3 d5 3. c4 e6 4. Nc3 Nbd7 5. Bf4 dxc4 6. Qa4 Nd5 7. e3 Nxf4 8. exf4 Bd6 9. Ne5 0-0 10. Bxc4 Nb6 11. Qb3 Bxe5 12. dxe5 Qd4 13. Be2 Qxf4 14. 0-0 Qxe5 15. Rfe1 Qa5 16. Ne4 e5 17. Nf6+ gxf6 18. Qg3+ Kh8 19. Qh4 e4 20. Qxf6+ Kg8 21. Bb5 Qxb5 22. Re3 Bg4 23. Rg3 h5 24. h3 Nd7 25. Qh6 Qxb2 26. Rd1 Ne5 27. Qxh5 Ng6 28. Qxg4 Rad8 29. h4 Qc2 30. Rxd8 Rxd8 31. Qf5 Qd1+ 32. Kh2 Qd5 33. Qf4 Kg7 34. Qxc7 Rh8 35. Qc3+ Kf8 36. Rxg6 Rxh4+ 37. Kg3 Qd3+ 38. Qxd3 exd3 39. Rd6 Ra4 40. Rxd3 Rxa2 41. Rd7 Rb2 42. f4 a5 43. f5 Kg7 44. Kf4 a4 45. g4 a3 46. Kg5 Rb6 47. f6+ Rxf6 48. Rxb7 Ra6 49. Rb1 a2 50. Ra1 Ra5+ 51. Kf4 Kg6 52. Ke3 Kg5 0-1